ბათუმის შოთა რუსთაველის სახელმწიფო უნივერსიტეტის ბიბლიოთეკა

სისხლის და სისხლწარმომქმნელი ორგანოების პუნქტატის ლაბორატორიული გამოკვლევა / (ბიბ.ჩანაწერი № 62047)

000 -ლიდერი
ფიქსირებული სიგრძის საკონტროლო ველი 01236nam a22001937a 4500
003 - საკონტროლო ნომრის იდენტიფიკატორი
საკონტროლო ველი Ge_BSU
005 - ბოლო ოპერაციის თარიღი და დრო
საკონტროლო ველი 20240627110746.0
008 - ფიქსირებული სიგრძის მონაცემთა ელემენტები - ზოგადი ინფორმაცია
ფიქსირებული სიგრძის საკონტროლო ველი 240627s1953 ge ||||| |||| 00| 0 geo d
041 ## - ენის კოდი
Language code of text/sound track or separate title geo
080 ## - უნივერსალური ათობითი კლასიფიკაციის ინდექსი
Universal Decimal Classification number 616.15-07 მ-18
100 ## - მთავარი ჩანაწერი - პიროვნების სახელი
Personal name მაკალათია, ც.
9 (RLIN) 22606
245 ## - ცნობა სათაურის შესახებ
Title სისხლის და სისხლწარმომქმნელი ორგანოების პუნქტატის ლაბორატორიული გამოკვლევა /
Statement of responsibility, etc ც. მაკალათია.; რედ. ვ. კიკნაძე; საქ. სსრ მეცნ. აკადემია.
264 ## - წარმოების, გამოცემის, დისტრიბუციის და სხვა ცნობები
გამოცემის, წარმოების, დისტრიბუციის... ადგილი თბილისი :
გამოცემის, წარმოების, დისტრიბუციის... სახელწოდება საქ. სსრ მეცნ. აკად. გამ-ბა და სტ.,
გამოცემის, წარმოების, დისტრიბუციის... თარიღი 1953.
300 ## - ფიზიკური აღწერა
Extent 118 გვ. :
Other physical details ილ. 3 ფურც. ტაბულ. ;
Dimensions 23 სმ.
653 ## - INDEX TERM--UNCONTROLLED
Uncontrolled term სისხლის ლაბორატორიული გამოკვლევა
653 ## - INDEX TERM--UNCONTROLLED
Uncontrolled term სისხლწარმომქმნელი ორგანოების ლაბორატორიული გამოკვლევა
700 ## - ADDED ENTRY--PERSONAL NAME
Personal name კიკნაძე, ვ.
Relator term რედაქტორი
9 (RLIN) 22607
942 ## - ADDED ENTRY ELEMENTS (KOHA)
Source of classification or shelving scheme
Koha item type წიგნი
ეგზემპლარები
ჩამოწერის სტატუსი დაკარგული ეგზემპლარის სტატუსი კლასიფიკაციის წყარო ან თაროზე გაწყობის სქემა დაზიანების სტატუსი არ გაიცემა მუდმივი მდებარეობა (დაცვის ადგილი) ამჟამინდელი ადგილსამყოფელი თაროზე განთავსების ადგილი შეძენის თარიღი ღირებულება, შესყიდვის ნორმალური ფასი სრული შენახვის შიფრი შტრიხკოდი ბოლო ოპერაციის თარიღი ეგზემპლარის მიმდევრობითი ნომერი (კეტერი?) ფასის ძალაში შესვლის თარიღი ეგზემპლარის სახეობა საჯარო შენიშვნა
          ბათუმის შოთა რუსთაველის სახელმწიფო უნივერსიტეტის მთავარი ბიბლიოთეკა ბათუმის შოთა რუსთაველის სახელმწიფო უნივერსიტეტის მთავარი ბიბლიოთეკა წიგნსაცავი 2024-06-27 1.40 616.15-07 მ-18 68359 2024-06-27 68359 2024-06-27 წიგნი 1 ლ. 40 თ.
          ბათუმის შოთა რუსთაველის სახელმწიფო უნივერსიტეტის მთავარი ბიბლიოთეკა ბათუმის შოთა რუსთაველის სახელმწიფო უნივერსიტეტის მთავარი ბიბლიოთეკა წიგნსაცავი 2024-06-27 1.40 616.15-07 მ-18 68360 2024-06-27 68360 2024-06-27 წიგნი 1 ლ. 40 თ.